00511nam a22001457a 4500020001800000040000900018082001500027100002600042245005800068260003200126650006300158942001200221999001900233952011300252 a9789695032350 cNUST a891.42 AKS aMasood Quershi988355 aAks Bahu: bSultan bahu ka kalam aur urdu translation aLAHORE:bLOK VIRSA, c2002. aUrdu Adab-Sultan bahu ka kalam aur urdu translation990522 2ddccBK c587592d587592 00102ddc4070aCEMEbCEMEcGENd2022-01-13o891.42 AKS (KIDS SEC) pCEME-50674r2022-01-13w2022-01-13yBK